Taxation in the Slovak Republic within the Context of EU Membership
Daňová politika v kontexte ekonomických, politických a právnych aspektov, východisko pre prístupy fiškálnej politiky ku koncepcii daňovej politiky v Slovenskej republike ako členskej krajiny EÚ.
Salvato in:
| Autore principale: | |
|---|---|
| Altri autori: | , |
| Natura: | Capitolo di libro |
| Lingua: | inglese |
| Soggetti: | |
| Tags: |
Nessun Tag, puoi essere il primo ad aggiungerne!!
|
MARC
| LEADER | 00000naa a2200000 4500 | ||
|---|---|---|---|
| 001 | 0272517 | ||
| 005 | 20240502074308.5 | ||
| 041 | 0 | |a eng | |
| 044 | |a SK | ||
| 245 | 1 | 0 | |a Taxation in the Slovak Republic within the Context of EU Membership |c Karolína Červená, Karin Cakoci, Cecília Olexová |
| 520 | |a Daňová politika v kontexte ekonomických, politických a právnych aspektov, východisko pre prístupy fiškálnej politiky ku koncepcii daňovej politiky v Slovenskej republike ako členskej krajiny EÚ. | ||
| 610 | 2 | 0 | |a Európska únia |
| 610 | 2 | 0 | |a politika daňová |
| 610 | 2 | 0 | |a harmonizácia |
| 610 | 2 | 0 | |a dane |
| 610 | 2 | 0 | |a Slovensko |
| 100 | 1 | |a Červená, Karolína | |
| 700 | 1 | |a Cakoci, Karin | |
| 700 | 1 | |a Olexová, Cecília, 1976- | |